000 00460nam a2200181Ia 4500
001 20570
005 20260306172815.0
008 260306t2012||||xx |||||||||||||| ||spa||
041 _aESP
082 _a343.4
_bL87
100 _aLópez Flores, Berly Javier
_eAUT
245 0 _aLos medios probatorios en los procesos constitucionales
260 _c2012
300 _a214 páginas :
_c24 cm.
650 _aGEN
654 _aCDE
942 _cLIB
_dJUS
_fJUS
_2ddc
_n
999 _c20570
_d20570